[Event "NOR-chB op"]
[White "Oestrem, Thore"]
[Black "Zachariassen, Bjarne"]
[Site "Asker"]
[Round "5"]
[Result "1-0"]
[Date "2003.06.01"]
[WhiteElo "1813"]
[BlackElo "1809"]
[PlyCount "79"]
[EventDate "2003.05.??"]
[EventType "swiss"]
[EventRounds "5"]
[EventCountry "NOR"]
[SourceTitle "EXT 2005"]
[Source "ChessBase"]
[SourceDate "2004.11.15"]
[SourceVersion "1"]
[SourceVersionDate "2004.11.15"]
[SourceQuality "1"]

1. e4 c5 2. Nf3 Nc6 3. d4 cxd4 4. Nxd4 e5 5. Nb5 d6 6. c4 Be7 7. Be3 f5 8. Bd3 f4 9. Bd2 a6 10. N5a3 Nf6 11. Nc3 0-0 12. Nd5 Kh8 13. Bc3 Be6 14. Rc1 Rc8 15. Qb3 Rb8 16. Qa4 Ng4 17. h3 Nxf2 18. Kxf2 Bxd5 19. exd5 Qb6+ 20. Kf1 Bh4 21. Qc2 Nd4 22. Bxd4 Qxd4 23. Be4 f3 24. gxf3 Qe3 25. Kg2 Qg5+ 26. Kf1 Rf6 27. Rg1 Qe3 28. Kg2 Rbf8 29. Rcf1 Qf4 30. Kh1 Rh6 31. Qg2 g5 32. Nc2 Rff6 33. Qh2 g4 34. Qxf4 exf4 35. Rxg4 Bg3 36. Kg2 Rh5 37. Nd4 Re5 38. Ne6 h5 39. Rg5 h4 40. Rxe5 1-0

[Event "NOR-chB op"]
[White "Nygaard, Eddy"]
[Black "Oestrem, Thore"]
[Site "Asker"]
[Round "4"]
[Result "1/2-1/2"]
[Date "2003.05.31"]
[WhiteElo "1727"]
[BlackElo "1813"]
[PlyCount "49"]
[EventDate "2003.05.??"]
[EventType "swiss"]
[EventRounds "5"]
[EventCountry "NOR"]
[SourceTitle "EXT 2005"]
[Source "ChessBase"]
[SourceDate "2004.11.15"]
[SourceVersion "1"]
[SourceVersionDate "2004.11.15"]
[SourceQuality "1"]

1. e4 e6 2. d4 d5 3. Nd2 c5 4. exd5 exd5 5. Ngf3 Bd6 6. c3 Nc6 7. dxc5 Bxc5 8. Nb3 Bb6 9. h3 Qd6 10. Bd3 Nf6 11. Nbd4 0-0 12. 0-0 Ne7 13. Re1 a6 14. Bg5 Ng6 15. Qc2 Kh8 16. Bf5 Ba7 17. Rad1 Ng8 18. Qd3 N8e7 19. Bxc8 Raxc8 20. Nf5 Nxf5 21. Qxf5 h6 22. Be3 Bxe3 23. Rxe3 Rcd8 24. Red3 Qb6 25. b3 1/2-1/2